000 00785cab a2200241 4500
001 WB3426-11
008 090401t1998 xxu||||| |||| 00| 0 eng d
035 _a(Sirsi) u87282
041 _aeng
245 _aProperty portfolio
260 _c1998
350 _a0
490 _aFinancial Times
_v7 July 1998, 26
490 _aTimes
_v7 July 1998, 25(2)
520 _aRailtrack plans to sell leases on properties in the Broadgate Development in the City of London. The disposal is estimated to be worth about £120m. McKinsey is appointed to review Railtrack`s property portfolio.
650 _aBISHOPSGATE
650 _aCITY OF LONDON
650 _aPROPERTY PORTFOLIO
650 _aRAILTRACK
690 _aPROPERTY-COMMERCIAL PROPERTY
942 _n0
948 _c08/07/1998
999 _c55046
_d55046